000 01151aam a2200385 4500
005 20161107101926.0
008 150722b xxu||||| |||| 00| 0 spa d
041 _aEspañol
082 _a658.15 B855f10
100 _aBrigham, Eugene F.
_918042
100 _aHoutson, Joel F.
_918043
245 _aFundamentos de administración financiera
250 _a10 edición
260 _aEspaña
_bThomson
_c2005
300 _a831 páginas
650 _aADMINISTRACIÓN FINANCIERA
_927
650 _aFINANZAS
_928
650 _aESTADOS FINANCIEROS
_965
650 _aCONTABILIDAD
_92655
650 _aMERCADOS
_96248
650 _aTASAS DE INTERES
_95505
650 _aTASAS DE RENDIMIENTO
_918044
650 _aBONOS
_933
650 _aDINERO
_91437
650 _aACCIONES
_91002
650 _aACTIVOS A LARGO PLAZO
_918045
650 _aPRESUPUESTOS
_92047
650 _aFLUJO DE EFECTIVO
_984
650 _aPOLICIA DE DIVIDENDOS
_918046
650 _aCAPITAL DE TRABAJO
_99353
650 _aACTIVO CIRCULANTE
_968
650 _aPRONOSTICOS FINANCIEROS
_916086
650 _aADMINISTRACIÓN FINANCIERA INTERNACIONAL
_918047
942 _cBK
999 _c2097
_d2097